000 01546nam a2200337 a 4500
001 000046994
005 20201002053254.0
008 091117s2014 dr ac 000 0 spa d
020 _a9789945119145 (v.1)
020 _a9789945190182 (v.2)
020 _a9789945119183 (v.3)
020 _a9789945190403 (v.4)
020 _a9789945190410 (v.5)
020 _a9789945190427 (v.7)
020 _a9789945190496 (v.8)
020 _a9789945190502 (v.9)
040 _aDO-SdBNP
_bspa
_cBNPHU
082 _axxxx
_bxxxx
100 1 _aSantos, Altagracia
_96594
245 1 0 _aEntre amigos 5 :
_beducación inicial /
_cAltagracia Santos ; dirección editorial Claudia Llibre ; ilustración Ruddy Núñez.
260 _aSanto Domingo :
_bSantillana,
_c2014.
300 _av. :
_bil., retrs. ;
_c28 cm.
490 1 _aProyecto Todos juntos
505 0 _av. 1 :
_tLibro de texto --
_gv. 2 . :
_tLibro de texto (script) --
_gv. 3 :
_tGuía didáctica para el profesorado. --
_gv. 4 :
_tPrimer trimestre (cursiva ) --
_gv. 5 :
_tSegundo trimestre (cursiva) --
_gv. 6 :
_tTercer trimestre (cursiva)--
_gv. 7 :
_tPrimer trimestre (script) --
_gv. 8 :
_tSegundo trimestre (script) --
_gv. 9 :
_tTercer trimestre (script) --
500 _aEste libro ha sido realizado de conformidad con el currículum vigente y ha sido sometido a la aprobación del MINERD
500 _aEducación inicial /cuatro años
590 _aInventariado, 2019/VM
700 1 _aLlibre, Claudia
_edir.
_930462
700 1 _aNúñez, Ruddy,
_eil.
_923171
830 0 _aProyecto Todos juntos
_930856
999 _c46482
_d46482